| 000 | 00662nam a22002057a 4500 | ||
|---|---|---|---|
| 003 | OSt | ||
| 008 | 260303b2023 |||||||| |||| 00| 0 eng d | ||
| 020 | _a9781647821326 | ||
| 082 |
_a658.4063 _bKIM-B |
||
| 100 | _aKim, W. Chan | ||
| 245 |
_aBeyond disruption : _binnovate and achieve growth without displacing industries companies or jobs / _cW. Chan Kim and Renee Mauborgne |
||
| 260 |
_aBoston : _bHarvard Business Review, _c2023. |
||
| 300 | _axi, 225 p. ; | ||
| 650 | _aTechnological innovations | ||
| 650 | _aSuccess in business | ||
| 650 | _aEconomic development | ||
| 650 | _aBusiness ethics | ||
| 650 | _aDisruptive technologies. | ||
| 942 |
_2ddc _cBK |
||
| 999 |
_c21545 _d21545 |
||